Cultura Geral - Statistics

Estatísticas Gerais
  • Esse quiz foi jogado 99 vezes
  • A pontuação média é 10 de 15
Estatísticas das Respostas
Questão Resposta % Correto
Qual é o país mais populoso do mundo? China
100%
Que oceano banha a costa portuguesa? Atlântico
93%
Identifica o país que está fora do lugar? Japão
93%
Qual destes seres é responsável por mais mortes no mundo? Mosquito
93%
Qual das sete maravilhas do mundo moderno é possível ver do espaço? Muralha da China
93%
Como se chamam as espécies que podem viver na terra e na água? Anfíbios
87%
Que combustível vegetal é usado em veículos automóveis é derivado da cana-de-açúcar,milho ou outro? Etanol
87%
Os modelos 197,207,307,308 referem - se a que marca de carros? Peugeot
87%
Que nomenclatura é usada para designar o tipo de vegetal que é produzido sem o uso de pesticidas, aditivos químicos ou modificação genética? Orgânico
80%
Que cidade brasileira é conhecida como "A cidade maravilhosa"? Rio de Janeiro
67%
Que filme lançado em 1987 possuía John Cryer e Flea no seu elenco? Sonhos e vingança
67%
Segundo a mitologia grega,quem foi a primeira mulher na terra? Pandora
47%
Qual era o herói da cultura grega que derrotou o minotauro? Teseu
33%
Em que ano foi publicada a primeira constituição portuguesa? 1822
13%
Como se chama o avião que ultrapassa a velocidade do som? Hipersónico
7%
Nenhum quiz correspondente encontrado
Distribuição das Pontuações
Porcentagem de Pessoas com Cada Pontuação
Percentil de Números Respondidos
Sua Pontuação Histórica
Você não jogou esse quiz